KOHA-Header-6

Hewani Kirdar :Animal Behavior (Record no. 7366)

000 -LEADER
fixed length control field 00269nam a2200109Ia 4500
100 ## - MAIN ENTRY--AUTHOR NAME
Personal name Manzoor Ahmed
245 #0 - TITLE STATEMENT
Title Hewani Kirdar :Animal Behavior
260 ## - PUBLICATION, DISTRIBUTION, ETC. (IMPRINT)
Place of publication Karachi
Name of publisher Alhamad Book
Year of publication 2016
300 ## - PHYSICAL DESCRIPTION
Number of Pages 350
942 ## - ADDED ENTRY ELEMENTS (KOHA)
Koha item type Books
Holdings
Withdrawn status Lost status Permanent Location Current Location Date acquired Full call number Accession Number Koha item type
    MAJU MAJU 2019-09-12 891.11 1223 Books

Powered by Koha